| 000 | 00546nam a2200181Ia 4500 | ||
|---|---|---|---|
| 008 | 100920s9999 xx 000 0 und d | ||
| 082 |
_b85523 _a24 न 03 |
||
| 100 | _aअष्टीकर मंदाकिनी. | ||
| 245 | _aहळवे सूर. | ||
| 260 |
_bनिशिगंधा प्रकाशन, पुणे. _c2003 |
||
| 300 |
_a183 _bसाधी |
||
| 365 | _b175 | ||
| 520 | _aसायो. | ||
| 630 | _aहळवे सूर. | ||
| 650 | _aसायो. | ||
| 730 | _aहळवे सूर. | ||
| 942 | _cBOOK | ||
| 999 |
_c726035 _d726032 |
||